00976pam a2200301 a 45000010005000000030006000050050017000110080041000280100017000690200015000860200027001010200018001280400023001460500016001690820013001851000031001982450081002292500041003102600028003513000039003795050007004185200134004255210018005595210018005776500027005956500020006227000032006426082FISKH20250619125642.0810714r1982 nyua j 000 1 eng  a 81011811  a0394846001 a0394946006 (lib. bdg.) a9780141365503 aDLCcDLCdDLCbeng aPZ7.D1515 G a 823.9141 aDahl, Roaldd(1916–1990)10aGeorge's marvelous medicine /cby Roald Dahl ; illustrated by Quentin Blake. aThis edition first published in 1981 aLondon :bPuffin,c1981 a88 pages :billustrations ;c20 cm aP  aGeorge decides that his grumpy, selfish old grandmother must be a witch and concocts some marvelous medicine to take care of her.8 a640 bLexile 8 aP bRaz-Plus  1aGrandmothersxFiction. 1aMagicxFiction.1 aBlake, Quentineillustrator